St Brice and another v Southwark LBC (Record no. 70551)

MARC details
000 -LEADER
fixed length control field 01680cam a2200241 4500
001 - CONTROL NUMBER
control field ABS65638
008 - FIXED-LENGTH DATA ELEMENTS--GENERAL INFORMATION
fixed length control field 020624n2002 000 0 eng u
035 ## - SYSTEM CONTROL NUMBER
System control number (Sirsi) u118504
245 ## - TITLE STATEMENT
Title St Brice and another v Southwark LBC
260 ## - PUBLICATION, DISTRIBUTION, ETC.
Date of publication, distribution, etc. 2002
490 ## - SERIES STATEMENT
Series statement Property, Planning and Compensation Reports
Volume/sequential designation [2002] 1P&CR 358-370(7)
520 ## - SUMMARY, ETC.
Summary, etc. CA 17 July 2001. Appeal by the tenant (B) from a decision dismissing B's application to set aside a warrant of possession issued by Lambeth County Court for 31 January 2001. B had held a secure residential tenancy from the respondent council. In 1997 the council obtained a suspended possession order in relation to the premises on the grounds of arrears of rent. B failed to comply with the terms and in 2000 a warrant of execution was issued. B failed to respond to the warrant until after his eviction, when on the day of eviction he applied to re-enter the premises. The judge dismissed B's application. B appealed, claiming that to comply with the European Convention the decision to issue the warrant should have been taken by a judge, after notice to the tenant and with the benefit of representations the tenant might choose. "Held" the appeal was dismissed and there was no breach of Article 6 of the European Convention.
590 ## - LOCAL NOTE (RLIN)
Local note ABS
650 ## - SUBJECT ADDED ENTRY--TOPICAL TERM
Topical term or geographic name entry element ST BRICE AND ANOTHER V SOUTHWARK LBC
650 ## - SUBJECT ADDED ENTRY--TOPICAL TERM
Topical term or geographic name entry element HUMAN RIGHTS ACT 1998
650 ## - SUBJECT ADDED ENTRY--TOPICAL TERM
Topical term or geographic name entry element CONVENTION FOR THE PROTECTION OF HUMAN RIGHTS AND FUNDAMENTAL FREEDOMS
650 ## - SUBJECT ADDED ENTRY--TOPICAL TERM
Topical term or geographic name entry element SECURE TENANCIES
650 ## - SUBJECT ADDED ENTRY--TOPICAL TERM
Topical term or geographic name entry element RENT ARREARS
650 ## - SUBJECT ADDED ENTRY--TOPICAL TERM
Topical term or geographic name entry element HOUSING ACT 1985
650 ## - SUBJECT ADDED ENTRY--TOPICAL TERM
Topical term or geographic name entry element POSSESSION ORDERS
690 ## - LOCAL SUBJECT ADDED ENTRY--TOPICAL TERM (OCLC, RLIN)
Topical term or geographic name as entry element LANDLORD AND TENANT-RESIDENTIAL TENANCIES-CASE LAW
942 ## - ADDED ENTRY ELEMENTS (KOHA)
Suppress in OPAC 0
Holdings
Withdrawn status Lost status Source of classification or shelving scheme Damaged status Not for loan Home library Current library Shelving location Date acquired Total Checkouts Full call number Barcode Date last seen Copy number Price effective from Koha item type
    Dewey Decimal Classification     London London Journal article 24/06/2002   ABS65638 118504-1001 06/08/2019 1 06/08/2019 Law report